From the Mixel-up file of Basic e.Frank Weiler

Guardat en:
Dades bibliogràfiques
Format: Llibre
Etiquetes: Afegir etiqueta
Sense etiquetes, Sigues el primer a etiquetar aquest registre!
Thư viện lưu trữ: Mạng thư viện Đại học Đà Nẵng
LEADER 00432nam a22001691a 4500
001 000040448
003 16743
005 20160412023218.0
008 160412s0 000
082 |a A23101 
245 |a From the Mixel-up file of Basic e.Frank Weiler  |c E.L. Konigsburg 
OWN |a LNN 
999 |a From the UDN01 
TYP |a Monograph 
980 |a Mạng thư viện Đại học Đà Nẵng